|
|
|
|
| LEADER |
01787nam a22004094a 4500 |
| 001 |
EBC3417092 |
| 003 |
MiAaPQ |
| 005 |
20200520144314.0 |
| 006 |
m o d | |
| 007 |
cr cn||||||||| |
| 008 |
040422s2004 miua sb 001 0 eng |
| 010 |
|
|
|z 2004009577
|
| 020 |
|
|
|z 0880993103 (pbk. : alk. paper)
|
| 020 |
|
|
|z 0880993111 (hardcover : alk. paper)
|
| 035 |
|
|
|a (MiAaPQ)EBC3417092
|
| 035 |
|
|
|a (Au-PeEL)EBL3417092
|
| 035 |
|
|
|a (CaPaEBR)ebr10103883
|
| 035 |
|
|
|a (OCoLC)56820412
|
| 040 |
|
|
|a MiAaPQ
|c MiAaPQ
|d MiAaPQ
|
| 043 |
|
|
|a n-us---
|
| 050 |
|
4 |
|a HV95
|b .A5965 2004
|
| 082 |
0 |
4 |
|a 362.5/568/0973
|2 22
|
| 100 |
1 |
|
|a Acs, Gregory.
|
| 245 |
1 |
0 |
|a Leaving welfare
|h [electronic resource] :
|b employment and well-being of families that left welfare in the post-entitlement era /
|c Gregory Acs, Pamela Loprest.
|
| 260 |
|
|
|a Kalamazoo, Michigan :
|b W.E. Upjohn Institute for Employment Research,
|c 2004.
|
| 300 |
|
|
|a xiii, 133 p. :
|b ill.
|
| 504 |
|
|
|a Includes bibliographical references (p. 117-122) and index.
|
| 505 |
0 |
|
|a Introduction -- Methods used in welfare leaver studies -- Staying at work -- Leaving welfare but not for work -- Family well-being -- Conclusion.
|
| 533 |
|
|
|a Electronic reproduction. Ann Arbor, MI : ProQuest, 2015. Available via World Wide Web. Access may be limited to ProQuest affiliated libraries.
|
| 610 |
2 |
0 |
|a Temporary Assistance for Needy Families (Program)
|
| 650 |
|
0 |
|a Welfare recipients
|z United States.
|
| 650 |
|
0 |
|a Welfare recipients
|x Employment
|z United States.
|
| 650 |
|
0 |
|a Public welfare administration
|z United States.
|
| 655 |
|
4 |
|a Electronic books.
|
| 700 |
1 |
|
|a Loprest, Pamela.
|
| 710 |
2 |
|
|a ProQuest (Firm)
|
| 856 |
4 |
0 |
|u https://ebookcentral.proquest.com/lib/matrademy/detail.action?docID=3417092
|z Click to View
|